| 000 | 00447nam a2200181 a 4500 | ||
|---|---|---|---|
| 001 | 1770813380365 | ||
| 003 | YourLibrary | ||
| 005 | 20260211180754.0 | ||
| 008 | 260211s2010##################000#0#eng## | ||
| 020 | _a9780205610617 | ||
| 082 | 0 | 4 |
_a306.7 _bSTO |
| 100 | 1 |
_aStombler, Mindy, _eauthor. |
|
| 245 | 1 | 0 | _aSex Matters : |
| 260 |
_bPrentice Hall, _c2010. |
||
| 650 | 0 | _aSex. | |
| 942 | _cENGLISH | ||
| 040 |
_aYourLibrary _beng _cYourLibrary |
||
| 999 |
_c611912 _d611912 |
||